• 首页
  • 本馆介绍
  • 公告通知
  • 最新文献
  • 馆藏检索
  • 电子资源
  • 读者导购
  • 参考咨询
  • 我的图书馆
  • 登录
  • 详细信息显示
  • 放入我的书架
  • 预约/预借图书
  • 作者相关作品
  • 分类相关作品
  • 丛书相关作品
  • 出版社相关作品

书目信息

  • 表格格式
  • 工作单格式
  • 卡片格式
题名:
近代经学与文学
    
 
作者: 刘再华 著
分册:  
出版信息: 北京   东方出版社  2004
页数: 412页
开本: 21cm
丛书名:
单 册:
中图分类: I209.5 , Z126.27
科图分类:
主题词: 经学--关系--古典文学--中国 , 经学 , 古典文学
电子资源:
ISBN: 7-5060-2041-6
000 00877nam0 2200253 450
001 1252923001
005 20121016144249.87
010    @a7-5060-2041-6@dCNY24.00
100    @a20041201d2004 em y0chiy50 ea
101 0  @achi
102    @aCN@b110000
105    @ay z 000yy
200 1  @a近代经学与文学@Ajin dai jing xue yu wen xue@f刘再华著
210    @a北京@c东方出版社@d2004
215    @a412页@d21cm
330    @a本书研究近代经学与文学关系。全书依据经学思想的分野考察近代文学与文论,指明经学在与西学抗衡竞争过程中,虽然暴露出较多的文化守成主义倾向,最终以失败而告终,但也表现出与时俱进的努力,为中国文化转型提供了思想资源。
606 0  @a经学@x关系@x古典文学@y中国
606 0  @a经学
606 0  @a古典文学
690    @aI209.5@v4
690    @aZ126.27@v4
701  0 @a刘再华@Aliu zai hua@f(1966.10~)@4著
801  0 @aCN@bNLC@c20101222
905    @a10447@dI209.5@eJY60
    
    近代经学与文学/刘再华著.-北京:东方出版社,2004
    412页;21cm
    
    
    ISBN 7-5060-2041-6:CNY24.00
    本书研究近代经学与文学关系。全书依据经学思想的分野考察近代文学与文论,指明经学在与西学抗衡竞争过程中,虽然暴露出较多的文化守成主义倾向,最终以失败而告终,但也表现出与时俱进的努力,为中国文化转型提供了思想资源。
●
相关链接 在E读中查询图书 在五车中查询图书 在当当中查询图书 在豆瓣中查询图书


正题名:近代经学与文学     索取号:I209.5/JY60         预约/预借

序号 登录号 条形码 馆藏地/架位号 状态 备注
1 7824235   278242359   学院路分馆/ [索取号:I209.5/JY60] 在馆    
2 7824236   278242368   学院路分馆/ [索取号:I209.5/JY60] 在馆    
3 7824237   278242377   学院路分馆/ [索取号:I209.5/JY60] 在馆    
4 7824238   278242386   学院路分馆/ [索取号:I209.5/JY60] 在馆    
唐山师范学院图书馆 欢迎您!
大连网信软件有限公司© 版权所有